| 000 | 00000nam 2200000za 4500 |
| 001 | 9.855771 |
| 003 | CaOODSP |
| 005 | 20240228150754 |
| 007 | cr ||||||||||| |
| 008 | 180425s2018 onca o f000 0 fre d |
| 020 | |a9780660263816 |
| 040 | |aCaOODSP|bfre |
| 043 | |an-cn--- |
| 086 | 1 |aEm4-6/2018F-PDF |
| 245 | 00|aFélicitations à l'occasion de la naissance de votre enfant! |h[ressource électronique] : |bobtenez de l’argent dès maintenant pour les études de votre enfant. |
| 246 | 30|aObtenez de l’argent dès maintenant pour les études de votre enfant |
| 260 | |a[Gatineau, QC] : |bEmploi et développement social Canada, |cc2018. |
| 300 | |a[2] p. : |bill. en coul. |
| 500 | |aPubl. aussi en anglais sous le titre : Congratulations on the birth of your child! Get money now for your child’s education. |
| 500 | |aTitre de départ. |
| 693 | 4|aÉpargne-études |
| 710 | 1 |aCanada. |bEmploi et développement social Canada. |
| 775 | 08|tCongratulations on the birth of your child! |w(CaOODSP)9.855770 |
| 795 | |tFélicitations à l'occasion de la naissance de votre enfant! |w(CaOODSP)9.806069 |
| 856 | 40|qPDF|s1.22 Mo|uhttps://publications.gc.ca/collections/collection_2018/edsc-esdc/Em4-6-2018-fra.pdf |
| 986 | |aLC-171-04-18F |